000 02205cas a2200481 i 4500
999 _c234852
_d234852
001 19064553
003 Nust
005 20170331120251.0
008 160422c20099999sz gr s i0 0eng
010 _a 2016214009
_z 2009447992
_z 2013417031
_z 2016383169
035 _a(OCoLC)ocn948019865
040 _aDLC
_beng
_erda
_cDLC
_dOCLCO
_dDLC
_dOCLCF
_dCLU
042 _apcc
050 0 0 _aHE5614
_b.G58
082 _a363.125 WHO
245 0 0 _aGlobal status report on road safety.
264 1 _aGeneva, Switzerland :
_bWorld Health Organization,
_c[2009]-
300 _avolumes :
_bcolor illustrations ;
_c30 cm
310 _aBiennial
336 _atext
_btxt
_2rdacontent
337 _aunmediated
_bn
_2rdamedia
338 _avolume
_bnc
_2rdacarrier
362 1 _aBegan with [2009].
500 _aSome volumes have also a theme title.
515 _aNo report published for 2011.
525 _aSome volumes accompanied by separately-paged summaries.
530 _aIssued also online.
588 _aDescription based on: [2009]; title from title page.
588 _aLatest issue consulted: 2015.
650 0 _aTraffic safety
_vPeriodicals.
650 0 _aTraffic safety
_vStatistics
_vPeriodicals.
650 7 _aTraffic safety.
_2fast
_0(OCoLC)fst01154212
655 7 _aPeriodicals.
_2fast
_0(OCoLC)fst01411641
655 7 _aStatistics.
_2fast
_0(OCoLC)fst01423727
710 2 _aWorld Health Organization.
775 0 8 _iIssued also in French:
_tGlobal status report on road safety. French. Rapport de situation sur la sécurité routière dans le monde
775 0 8 _iIssued also in Russian:
_tGlobal status report on road safety. Russian. Doklad o sostoi︠a︡nii bezopasnosti dorozhnogo dvizhenii︠a︡ v mire
775 0 8 _iIssued also in Spanish:
_tGlobal status report on road safety. Spanish. Informe sobre la situación mundial de la seguridad vial
906 _a7
_bcbc
_cserorig
_d3
_encip
_f20
_gn-oclcserc
942 _2ddc
_cBK